Ion Beams for materials analysis /

Saved in:
Bibliographic Details
Other Authors: Bird, J.R (Compiler)
Format: Book
Language:English
Published: Sydney : Academic Press, 1989
Tags: Add Tag
No Tags, Be the first to tag this record!

MARC

LEADER 00000nam a22000003a 4500
001 stu2268
005 20150617225619.7
008 920902s1989----at------------------eng-d
040 |a STU  |b slo 
041 0 |a eng 
044 |a at 
080 |a 537.97  |7 stu_us_auth*stu17047 
080 |a 620.187 
100 1 |a Bird, J.R  |4 com 
245 1 |a Ion Beams for materials analysis /  |c Edit.: Bird,J.R 
260 |a Sydney :  |b Academic Press,  |c 1989 
300 |a 719 s 
996 |b E70466  |c E*70466  |l EE11  |s P  |a 0  |w stu2268_0001